| 000 | 01160nam a2200337 a 4500 | ||
|---|---|---|---|
| 001 | 4518192 | ||
| 003 | EG-ScBUE | ||
| 005 | 20230511105543.0 | ||
| 008 | 980811r20141998enkab f b 001 0 eng d | ||
| 020 | _a0714833886 | ||
| 020 | _a9780714833880 | ||
| 035 | _a(OCoLC)39676995 | ||
| 040 |
_aMnMCA _beng _erda _cMnMCA _dMiBloA _dODaU _dOrMaC _dDLC _dEG-ScBUE |
||
| 082 | 0 | 4 |
_a709.04075 _222 _bGOD |
| 100 | 1 |
_aGodfrey, Tony, _eauthor. |
|
| 245 | 1 | 0 |
_aConceptual art / _cTony Godfrey. |
| 250 | _aReprint edition. | ||
| 264 | 1 |
_aLondon : _bPhaidon Press Limited, _c2014. |
|
| 300 |
_a447 pages : _billustrations (some color), maps ; _c22 cm |
||
| 336 |
_2rdacontent _atext _btxt |
||
| 337 |
_2rdamedia _aunmediated _bn |
||
| 338 |
_2rdacarrier _avolume _bnc |
||
| 504 | _aIncludes bibliographical references and index. | ||
| 650 | 7 |
_aConceptual art. _2BUEsh |
|
| 650 | 7 |
_aArt, Modern _y20th century. _2BUEsh |
|
| 653 |
_bART _cMay2023 |
||
| 655 | _vReading book | ||
| 906 |
_a7 _bcbc _ccopycat _d2 _encip _f19 _gy-gencatlg |
||
| 942 |
_2ddc _cBB |
||
| 999 |
_c30333 _d30304 |
||